Podium du Safari Rally Kenya - Statistiques

Statistiques générales
  • Ce quiz a été pris 6 fois
  • Le résultat moyen est 17 sur 87
Statistiques - réponses
Vainqueur % Correct
Carlos Sainz
100%
Colin McRae
100%
Elfyn Evans
100%
Ott Tanak
100%
Sébastien Ogier
100%
Takamoto Katsuta
100%
Thierry Neuville
100%
Adrien Fourmaux
83%
Tommi Makinen
83%
Ari Vatanen
67%
Harri Rovenpera
67%
Kalle Rovenpera
67%
Bjorn Waldegard
50%
Didier Auriol
50%
Michèle Mouton
50%
Miki Biasion
50%
Richard Burns
50%
Armin Schwarz
33%
Hannu Mikkola
33%
Juha Kankunnen
33%
Stig Blomqvist
33%
Walter Rohrl
33%
Andrea Navarra
17%
Carl Tundo
17%
Conrad Rautenbach
17%
Ian Duncan
17%
Jean-Pierre Nicolas
17%
Jorge Recalde
17%
Kenjiro Shinozuka
17%
Mike Kirkland
17%
Ove Andersson
17%
Per Eklund
17%
Rauno Aaltonen
17%
Shekhar Mehta
17%
Tapio Laukkanen
17%
Thomas Radstrom
17%
Alastair Cavenagh
0%
Andrew Cowan
0%
Anne Hall
0%
Azar Anwar
0%
Baldev Chager
0%
Bert Shankland
0%
Denis Scott
0%
D.P Marwaha
0%
Edgar Herrmann
0%
Edward Harrison
0%
Eric Cecil
0%
Erik Carlsson
0%
Ernest Temple-Boreham
0%
Glen Edmunds
0%
Gus Hofmann
0%
Harry Kallstrom
0%
Ian Jaffray
0%
James Whyte
0%
Jamil Din
0%
Jas Mangat
0%
Jaspreet Singh
0%
Jim Cardwell
0%
Jodinger Singh
0%
John Lloyd
0%
John Manussis
0%
Johnny Hellier
0%
Kenneth Eriksson
0%
Lars-Erik Torph
0%
Lee Rose
0%
Manvir Singh
0%
Markku Alen
0%
Mikael Ericsson
0%
Mike Armstrong
0%
Pat Moss-Carlsson
0%
Peter Hughes
0%
Peter Huth
0%
Quentin Mitchell
0%
Rajbir Rai
0%
Riyaz Kurji
0%
Robin Hillyar
0%
Robin Ulyate
0%
Sammy Aslam
0%
Sandro Munari
0%
Sobieslaw Zasada
0%
Tommy Fjastad
0%
Vic Preston jr
0%
Vic Preston sr
0%
Viscount Mandeville
0%
William Fritschy
0%
Yoshio Fujimoto
0%
Zbigniew Nowicki
0%
Aucun quiz correspondant
Distribution des résultats
% des personnes avec chaque résultat
Percentile par nombre de réponses
Votre historique - résultats
Vous n’avez pas pris ce quiz